[Event "SVK Amateur-ch 2020"]
[Site "Topolcany"]
[Date "2020.07.13"]
[Round "6.9"]
[White "Joba, Arpad"]
[Black "Deruelle Sala, Albert"]
[Result "0-1"]
[WhiteElo "2122"]
[BlackElo "2078"]
[Annotator "ChessBase"]
[PlyCount "106"]
[EventDate "2020.07.10"]
[EventType "swiss"]
[EventCountry "SVK"]
[SourceTitle "playchess.com"]
[Source "ChessBase"]
[SourceQuality "1"]
[TimeControl "3600+30"]

1. e4 {[%emt 0:00:00]} c5 {[%emt 0:00:00]} 2. Nf3 {[%emt 0:00:05]} e6 {[%emt 0:00:00]} 3. c3 {[%emt 0:00:48]} Nf6 {[%emt 0:00:00]} 4. e5 {[%emt 0:00:12]} Nd5 {[%emt 0:00:00]} 5. d4 {[%emt 0:00:18]} cxd4 {[%emt 0:00:01]} 6. cxd4 {[%emt 0:00:05]} d6 {[%emt 0:00:36]} 7. Nc3 {[%emt 0:00:42]} Nc6 {[%emt 0:01:42]} 8. Bd3 {[%emt 0:05:26]} Nxc3 {[%emt 0:01:47]} 9. bxc3 {[%emt 0:00:07]} dxe5 {[%emt 0:00:05]} 10. dxe5 {[%emt 0:07:08]} Qa5 {[%emt 0:01:25]} 11. Qb3 {[%emt 0:05:40]} Nxe5 {[%emt 0:04:05]} 12. Nxe5 {[%emt 0:08:25]} Qxe5+ {[%emt 0:00:34]} 13. Be3 {[%emt 0:00:03]} a6 {[%emt 0:00:29]} 14. O-O {[%emt 0:11:27]} Bd6 {[%emt 0:00:35]} 15. g3 {[%emt 0:00:07]} O-O {[%emt 0:00:40]} 16. Rfd1 {[%emt 0:00:39]} Bc5 {[%emt 0:01:35]} 17. Bf4 {[%emt 0:00:28]} Qh5 {[%emt 0:00:08]} 18. Be4 {[%emt 0:00:38]} Qe2 {[%emt 0:00:58]} 19. Bg2 {[%emt 0:04:52]} Bxf2+ {[%emt 0:01:55]} 20. Kh1 {[%emt 0:00:04]} Qb5 {[%emt 0:03:25]} 21. Qc2 {[%emt 0:00:09]} Bc5 {[%emt 0:00:08]} 22. Rab1 {[%emt 0:04:00]} Qa5 {[%emt 0:00:27]} 23. c4 {[%emt 0:06:38]} h6 {[%emt 0:02:30]} 24. g4 {[%emt 0:06:16]} Be7 {[%emt 0:01:26]} 25. Qe2 {[%emt 0:05:13]} Rd8 {[%emt 0:04:29]} 26. Rf1 {[%emt 0:00:07]} Rd7 {[%emt 0:00:42]} 27. Rb3 {[%emt 0:00:31]} Bg5 {[%emt 0:06:49]} 28. Be5 {[%emt 0:01:34]} Rd2 {[%emt 0:01:13]} 29. Qe4 {[%emt 0:00:29]} Qxa2 {[%emt 0:03:09]} 30. Qf3 {[%emt 0:01:23]} Rd7 {[%emt 0:01:43]} 31. Rd3 {[%emt 0:00:22]} Qa4 {[%emt 0:00:44]} 32. Ra1 {[%emt 0:00:50]} Rxd3 {[%emt 0:07:19]} 33. Qxd3 {[%emt 0:00:07]} Qe8 {[%emt 0:01:48]} 34. Rd1 {[%emt 0:00:50]} a5 {[%emt 0:00:16]} 35. Qc3 {[%emt 0:00:06]} f6 {[%emt 0:00:39]} 36. Bg3 {[%emt 0:00:47]} h5 {[%emt 0:01:24]} 37. h4 {[%emt 0:00:27]} Bh6 {[%emt 0:00:34]} 38. g5 {[%emt 0:00:35]} fxg5 {[%emt 0:00:01]} 39. Be4 {[%emt 0:00:15]} gxh4 {[%emt 0:00:27]} 40. Be5 {[%emt 0:01:15]} Bd7 {[%emt 0:00:09]} 41. Rg1 {[%emt 0:00:25]} Bc6 {[%emt 0:06:35]} 42. Bxc6 {[%emt 0:00:50]} Qxc6+ {[%emt 0:00:09]} 43. Kh2 {[%emt 0:00:04]} Qd7 {[%emt 0:00:31]} 44. Rg2 {[%emt 0:00:58]} a4 {[%emt 0:00:20]} 45. Qc2 {[%emt 0:00:08]} a3 {[%emt 0:00:34]} 46. Qg6 {[%emt 0:00:17]} Ra5 {[%emt 0:04:11]} 47. Bc3 {[%emt 0:00:57]} Bf4+ {[%emt 0:00:43]} 48. Kh3 {[%emt 0:00:38]} e5+ {[%emt 0:00:13]} 49. Kxh4 {[%emt 0:00:05]} Ra6 {[%emt 0:00:16]} 50. Qb1 {[%emt 0:00:48]} Qe7+ {[%emt 0:00:33]} 51. Kh3 {[%emt 0:00:08]} Qe6+ {[%emt 0:02:02]} 52. Kh4 {[%emt 0:00:06]} g5+ {[%emt 0:00:21]} 53. Kxh5 {[%emt 0:00:06]} Qh3# 0-1

[Event "SVK Amateur-ch 2020"]
[Site "Topolcany"]
[Date "2020.07.13"]
[Round "6.9"]
[White "Verba, Vladimir"]
[Black "Moravcik, Rastislav"]
[Result "0-1"]
[WhiteElo "1767"]
[BlackElo "1916"]
[Annotator "ChessBase"]
[PlyCount "98"]
[EventDate "2020.07.10"]
[EventType "swiss"]
[EventCountry "SVK"]
[SourceTitle "playchess.com"]
[Source "ChessBase"]
[SourceQuality "1"]
[TimeControl "3600+30"]

1. e4 {[%emt 0:00:00]} e6 {[%emt 0:00:04]} 2. d4 {[%emt 0:00:00]} d5 {[%emt 0:00:14]} 3. Nc3 {[%emt 0:00:01]} Nf6 {[%emt 0:01:07]} 4. Bg5 {[%emt 0:01:27]} Be7 {[%emt 0:03:39]} 5. e5 {[%emt 0:01:12]} Nfd7 {[%emt 0:00:27]} 6. Bxe7 {[%emt 0:00:26]} Qxe7 {[%emt 0:00:46]} 7. f4 {[%emt 0:00:08]} a6 {[%emt 0:02:19]} 8. Nf3 {[%emt 0:01:09]} c5 {[%emt 0:06:10]} 9. dxc5 {[%emt 0:00:25]} Qxc5 {[%emt 0:02:38]} 10. Qd4 {[%emt 0:00:59]} Nc6 {[%emt 0:01:19]} 11. Qxc5 {[%emt 0:00:27]} Nxc5 {[%emt 0:00:14]} 12. Ne2 {[%emt 0:01:35]} b5 {[%emt 0:07:36]} 13. Ned4 {[%emt 0:03:14]} Bd7 {[%emt 0:03:50]} 14. Nxc6 {[%emt 0:03:42]} Bxc6 {[%emt 0:00:47]} 15. Nd4 {[%emt 0:00:18]} Bd7 {[%emt 0:02:24]} 16. Bd3 {[%emt 0:01:21]} O-O {[%emt 0:06:41]} 17. Ke2 {[%emt 0:02:01]} f6 {[%emt 0:03:16]} 18. exf6 {[%emt 0:02:29]} gxf6 {[%emt 0:02:35]} 19. b4 {[%emt 0:07:55]} Na4 {[%emt 0:08:01]} 20. Kd2 {[%emt 0:07:09]} e5 {[%emt 0:02:08]} 21. Bf5 {[%emt 0:02:28]} Bxf5 {[%emt 0:00:40]} 22. Nxf5 {[%emt 0:00:08]} Rad8 {[%emt 0:04:36]} 23. Rhf1 {[%emt 0:02:06]} Nb6 {[%emt 0:01:55]} 24. Rae1 {[%emt 0:03:11]} e4 {[%emt 0:01:42]} 25. Nd4 {[%emt 0:02:05]} Kf7 {[%emt 0:00:44]} 26. f5 {[%emt 0:00:49]} Rg8 {[%emt 0:00:48]} 27. g3 {[%emt 0:00:42]} Nc4+ {[%emt 0:00:37]} 28. Kc1 {[%emt 0:01:00]} Rc8 {[%emt 0:00:46]} 29. Ne6 {[%emt 0:07:54]} a5 {[%emt 0:03:35]} 30. Nd4 {[%emt 0:04:56]} axb4 {[%emt 0:00:22]} 31. Nxb5 {[%emt 0:03:16]} Ra8 {[%emt 0:00:36]} 32. Kb1 {[%emt 0:01:42]} Nd2+ {[%emt 0:00:42]} 33. Kb2 {[%emt 0:00:46]} Nxf1 {[%emt 0:00:12]} 34. Rxf1 {[%emt 0:00:16]} Rad8 {[%emt 0:00:59]} 35. Nd4 {[%emt 0:04:50]} h5 {[%emt 0:00:38]} 36. Ne6 {[%emt 0:02:34]} Rd6 {[%emt 0:00:47]} 37. Nd4 {[%emt 0:01:47]} h4 {[%emt 0:00:13]} 38. Rg1 {[%emt 0:00:37]} hxg3 {[%emt 0:00:07]} 39. hxg3 {[%emt 0:00:25]} Rh8 {[%emt 0:00:36]} 40. g4 {[%emt 0:00:39]} Rh2 {[%emt 0:00:21]} 41. Rg3 {[%emt 0:00:34]} Rd2 {[%emt 0:00:32]} 42. Nb3 {[%emt 0:00:50]} Rd1 {[%emt 0:00:07]} 43. g5 {[%emt 0:00:22]} fxg5 {[%emt 0:00:15]} 44. Rxg5 {[%emt 0:00:12]} d4 {[%emt 0:00:25]} 45. Nc5 {[%emt 0:00:37]} e3 {[%emt 0:00:27]} 46. Nd3 {[%emt 0:01:16]} e2 {[%emt 0:01:11]} 47. Ne5+ {[%emt 0:00:52]} Kf6 {[%emt 0:00:13]} 48. Nf3 {[%emt 0:00:11]} e1=Q {[%emt 0:01:27]} 49. Nxe1 {[%emt 0:00:17]} Kxg5 {[%emt 0:00:12]} 0-1

[Event "SVK Amateur-ch 2020"]
[Site "Topolcany"]
[Date "2020.07.13"]
[Round "6.10"]
[White "Kleman, Miroslav"]
[Black "Lach, Piotr"]
[Result "0-1"]
[WhiteElo "2198"]
[BlackElo "2086"]
[Annotator "TA"]
[PlyCount "78"]
[EventDate "2020.07.10"]
[EventType "swiss"]
[EventCountry "SVK"]
[SourceTitle "playchess.com"]
[Source "ChessBase"]
[SourceQuality "1"]

{[%evp 9,78,-4,-10,-11,14,12,41,25,120,96,145,113,162,170,159,139,131,85,99,45,48,47,48,26,74,60,74,81,76,70,114,110,108,116,129,108,120,68,110,78,114,0,62,18,38,-22,-20,-58,-47,-60,31,22,28,0,0,0,0,-29,-43,-48,-39,-75,-83,-83,-83,-29982,-43,-222,-209,-29998,-29999]} 1. e4 c5 2. Nf3 d6 3. b4 cxb4 4. d4 Nf6 5. Bd3 e6 6. a3 {[%cal Ba2a3,Ba3b4][%mdl 32] B50: Sicilian: 2...d6, Miscellaneous.} d5 7. e5 Ne4 8. O-O {[#] White is slightly better.} Be7 $146 (8... Nc6 $11 {remains equal.}) ({Predecessor:} 8... Bd7 9. axb4 Bxb4 10. Qe2 Bc6 11. Rd1 Nd7 12. Bxe4 dxe4 13. Ng5 O-O 14. Nxe4 Nb6 {0-1 (33) Heinatz,M (1941)-Georgescu,L (2256) Leukerbad 2019}) 9. axb4 $16 O-O 10. c3 f5 11. exf6 $1 gxf6 12. Re1 f5 13. Ne5 Nd7 14. Nxd7 (14. Bxe4 $16 {aiming for Bc2.} dxe4 15. Bf4) 14... Bxd7 $14 15. f3 Nd6 16. Bf4 Nf7 17. Nd2 Bg5 18. Bxg5 Qxg5 19. Qe2 a6 20. Nb3 Rae8 21. Nc5 {[%mdl 64] Double Attack} Bc8 22. Qf2 f4 23. c4 (23. Qa2 $16) 23... Re7 24. Qa2 Qf6 25. Qf2 (25. cxd5 $16 Qxd4+ 26. Qf2 Qxf2+ 27. Kxf2) 25... Rfe8 ({Black should play} 25... Qg5 $1 $11) 26. Ra2 Nd6 27. Rc2 (27. b5 $14) 27... b6 $11 28. Nb3 dxc4 29. Bxc4 Nxc4 ({Black should try} 29... Nf5 $15) 30. Rxc4 $14 Bb7 31. Re5 Bd5 32. Rc3 Rg7 33. Nd2 Qe7 34. Ne4 Kh8 35. Qb2 Reg8 36. Rc2 Qh4 {[%cal Rh4e1]} 37. Rf2 $2 {[%mdl 8192] [#]} (37. Qa1 $17) 37... Rg6 $2 (37... Rxg2+ $1 {[%mdl 512] mates} 38. Kf1 {[#]} (38. Rxg2 Qe1#) 38... Qxh2 $1 {[%mdl 512]} 39. Rxd5 Qg1+ {[%mdl 64] Zwischenzug} 40. Ke2 exd5 41. Qc3 Rxf2+ 42. Nxf2 Re8+ 43. Ne4 dxe4 44. d5+ Kg8 45. Kd2 e3+ 46. Kc2 e2 47. d6 e1=Q 48. Qc4+ Kh8 49. Qc3+ Qxc3+ 50. Kxc3 Re3+ 51. Kc4 Qf1+ 52. Kd5 Qb5+ 53. Kd4 Qd3#) 38. Nc3 $2 ({Better is} 38. Nd6 $15) 38... Bc4 {( -> ...Rh6)} 39. Ne2 $2 {[#]} (39. Re4 $19 Bd5 40. Qe2 Bxe4 41. Qxe4) 39... Rxg2+ $1 {[%mdl 576] Back Rank. Never resign too early! Accuracy: White = 41%, Black = 50%.} 0-1

[Event "SVK Amateur-ch 2020"]
[Site "Topolcany"]
[Date "2020.07.13"]
[Round "6.10"]
[White "Varga, Milan"]
[Black "Belus, Benjamin"]
[Result "0-1"]
[WhiteElo "1839"]
[BlackElo "1909"]
[Annotator "ChessBase"]
[PlyCount "66"]
[EventDate "2020.07.10"]
[EventType "swiss"]
[EventCountry "SVK"]
[SourceTitle "playchess.com"]
[Source "ChessBase"]
[SourceQuality "1"]
[TimeControl "3600+30"]

1. e4 {[%emt 0:00:00]} c5 {[%emt 0:13:49]} 2. Nf3 {[%emt 0:02:11]} d6 {[%emt 0:00:02]} 3. c3 {[%emt 0:01:18]} Nf6 {[%emt 0:00:19]} 4. Bb5+ {[%emt 0:02:27]} Bd7 {[%emt 0:00:16]} 5. Bxd7+ {[%emt 0:00:37]} Qxd7 {[%emt 0:00:39]} 6. d3 {[%emt 0:01:56]} g6 {[%emt 0:00:08]} 7. Bg5 {[%emt 0:02:18]} Bg7 {[%emt 0:00:02]} 8. h3 {[%emt 0:01:00]} Nc6 {[%emt 0:00:37]} 9. Nbd2 {[%emt 0:02:45]} O-O {[%emt 0:00:13]} 10. Nf1 {[%emt 0:02:27]} b5 {[%emt 0:01:04]} 11. Qd2 {[%emt 0:05:24]} c4 {[%emt 0:08:05]} 12. Bxf6 {[%emt 0:02:55]} Bxf6 {[%emt 0:01:59]} 13. d4 {[%emt 0:00:21]} a5 {[%emt 0:00:22]} 14. Ne3 {[%emt 0:00:30]} e6 {[%emt 0:01:56]} 15. O-O {[%emt 0:02:09]} Bg7 {[%emt 0:00:40]} 16. Nh2 {[%emt 0:02:51]} f5 {[%emt 0:00:16]} 17. f3 {[%emt 0:01:36]} fxe4 {[%emt 0:00:34]} 18. fxe4 {[%emt 0:00:29]} Rxf1+ {[%emt 0:00:42]} 19. Rxf1 {[%emt 0:00:25]} Rf8 {[%emt 0:00:02]} 20. Rxf8+ {[%emt 0:04:06]} Bxf8 {[%emt 0:00:01]} 21. Neg4 {[%emt 0:01:01]} Bg7 {[%emt 0:00:17]} 22. Nf3 {[%emt 0:00:45]} Qc7 {[%emt 0:01:28]} 23. Qg5 {[%emt 0:01:01]} b4 {[%emt 0:00:36]} 24. Nf6+ {[%emt 0:00:36]} Bxf6 {[%emt 0:02:20]} 25. Qxf6 {[%emt 0:00:22]} Qe7 {[%emt 0:00:13]} 26. Qxe7 {[%emt 0:03:02]} Nxe7 {[%emt 0:00:02]} 27. Ng5 {[%emt 0:00:14]} e5 {[%emt 0:00:53]} 28. d5 {[%emt 0:00:18]} Nc8 {[%emt 0:00:41]} 29. Kf2 {[%emt 0:01:39]} Nb6 {[%emt 0:00:19]} 30. b3 {[%emt 0:10:39]} a4 {[%emt 0:09:12]} 31. bxc4 {[%emt 0:05:14]} b3 {[%emt 0:00:13]} 32. c5 {[%emt 0:01:09]} bxa2 {[%emt 0:00:33]} 33. cxb6 {[%emt 0:00:23]} a1=Q {[%emt 0:00:03]} 0-1

[Event "SVK Amateur-ch 2020"]
[Site "Topolcany"]
[Date "2020.07.13"]
[Round "6.11"]
[White "Szitas, Gabor"]
[Black "Terbe, Zsuzsanna"]
[Result "1/2-1/2"]
[WhiteElo "2082"]
[BlackElo "2192"]
[Annotator "TA"]
[PlyCount "55"]
[EventDate "2020.07.10"]
[EventType "swiss"]
[EventCountry "SVK"]
[SourceTitle "playchess.com"]
[Source "ChessBase"]
[SourceQuality "1"]

{[%evp 9,55,17,20,0,0,0,0,-15,1,-6,-8,-9,15,10,25,0,0,0,2,-22,-18,-26,-31,-14,-10,-18,-20,-45,-45,-46,76,80,109,139,133,75,89,25,22,32,100,138,108,-72,0,0,117,-57]} 1. e4 c5 2. Nf3 Nc6 3. Bb5 g6 4. O-O Bg7 5. Nc3 Nd4 6. d3 {B31: Sicilian: 2...Nc6 3 Bb5 g6.} Nxb5 7. Nxb5 d6 8. h3 {The position is equal.} Nf6 9. c4 O-O {[#]} 10. Rb1 $146 ({Predecessor:} 10. Re1 b6 11. a4 Ne8 12. Nc3 Nc7 13. Be3 Qd7 14. Qd2 e5 15. a5 b5 16. b4 cxb4 17. Nxb5 Nxb5 18. cxb5 Qxb5 {½-½ (35) Van Tricht,M (2384)-Wettstein,K (2309) ICCF email 2015}) 10... Bd7 11. Nc3 Rc8 12. Bg5 h6 13. Be3 Ne8 14. Nh2 f5 15. Qd2 Kh7 $1 16. f4 e5 17. fxe5 dxe5 18. b4 cxb4 19. Rxb4 f4 (19... Nd6 $15) 20. Bxa7 $16 Qa5 21. Rxb7 Bc6 22. Re7 (22. Bb6 $142 Qa6 23. Rxg7+ Nxg7 24. Rb1) 22... Qa3 23. c5 (23. Rxg7+ $1 $16 Nxg7 24. Bf2) 23... Nf6 $1 $11 24. Rb1 {Rb3 is the strong threat.} Ng8 (24... Nd7 $14 25. Rxd7 Bxd7) 25. Rb3 Qa6 {[#]} 26. Rb6 $2 (26. Rxg7+ $1 $16 {is necessary to keep the advantage.} Kxg7 27. Bb6) 26... Qa3 $2 (26... Qa5 $17 {keeps the pressure on.} 27. Re6 Ne7) 27. Rb3 $16 Qa6 $1 {[#]} 28. Rb6 $2 {Accuracy: White = 60%, Black = 81%.} (28. Rxg7+ $1 $16 Kxg7 29. Bb6) 1/2-1/2

[Event "SVK Amateur-ch 2020"]
[Site "Topolcany"]
[Date "2020.07.13"]
[Round "6.11"]
[White "Mirowska, Oliwia"]
[Black "Rabovszky, Gyorgy"]
[Result "1-0"]
[WhiteElo "1898"]
[BlackElo "1716"]
[Annotator "NA"]
[PlyCount "53"]
[EventDate "2020.07.10"]
[EventType "swiss"]
[EventCountry "SVK"]
[SourceTitle "playchess.com"]
[Source "ChessBase"]
[SourceQuality "1"]
[TimeControl "3600+30"]

{[%evp 10,53,1,32767,32767,11,32767,31,57,47,51,53,97,113,103,55,78,112,79,0,32767,14,32767,32767,32767,106,107,107,183,187,282,32767,378,387,32767,529,1225,1296,1316,1583,1610,2004,32767,1146,29988,29990]} 1. e4 {[%emt 0:00:00]} c5 {[%emt 0:00:12]} 2. g3 {[%emt 0:00:14]} Nc6 {[%emt 0:00:17]} 3. Bg2 {[%emt 0:00:11]} d6 {[%emt 0:01:57]} 4. d3 {[%emt 0:00:58]} g6 {[%emt 0:00:59]} 5. f4 {[%emt 0:00:34]} Bg7 {[%emt 0:01:38]} 6. Nf3 {[%emt 0:00:37]} Bg4 {[%emt 0:03:36]} 7. c3 {[%emt 0:00:58]} Qc7 {[%emt 0:13:14] B20: Sicilian: Unusual White 2nd moves.} 8. O-O {[%emt 0:02:58] [#]} h5 $146 {[%emt 0:02:45]} ({Predecessor:} 8... Nf6 9. Be3 Qd7 10. Re1 Bxf3 11. Bxf3 h5 12. Na3 Ng4 13. Nc2 Nxe3 14. Nxe3 e6 15. Qe2 {1-0 (40) Grigoriev,S (2093)-Shafikova,G Ufa 2007}) 9. h3 {[%emt 0:02:17]} Bd7 {[%emt 0:01:45]} 10. Be3 {[%emt 0:01:00]} e5 {[%emt 0:06:08]} 11. Na3 {[%emt 0:01:23]} Nge7 {[%emt 0:05:04]} 12. Ng5 {[%emt 0:03:13]} (12. d4 $16 exd4 13. cxd4) 12... f6 {[%emt 0:00:49]} 13. fxe5 {[%emt 0:03:07]} Nxe5 {[%emt 0:03:46]} 14. Nf3 {[%emt 0:02:02]} ({White should try} 14. d4 $1 $14 fxg5 15. dxe5 Bxe5 16. Bxg5) 14... g5 {[%emt 0:08:29]} 15. d4 {[%emt 0:05:48]} Nxf3+ {[%emt 0:00:45]} 16. Qxf3 {[%emt 0:01:21]} g4 {[%emt 0:01:00]} 17. hxg4 {[%emt 0:00:49]} hxg4 {[%emt 0:00:08] [#]} 18. Qf2 $1 {[%emt 0:00:26]} Rh5 {[%emt 0:09:36]} (18... cxd4 $16 19. cxd4 (19. Bxd4 Ng6 $16) 19... Rc8) 19. dxc5 {[%emt 0:00:34]} dxc5 {[%emt 0:00:22]} (19... Ng6 $142 20. cxd6 Qxd6) 20. Bf4 {[%emt 0:00:29]} Qd8 {[%emt 0:04:05]} 21. Nc4 {[%emt 0:00:30]} Nc8 {[%emt 0:01:16]} 22. Rad1 {[%emt 0:03:22]} b5 {[%emt 0:00:43]} 23. e5 {[%emt 0:00:55]} bxc4 {[%emt 0:00:55]} 24. e6 {[%emt 0:01:10]} Nb6 {[%emt 0:00:28]} 25. exd7+ {[%emt 0:00:15]} Nxd7 {[%emt 0:00:06]} 26. Qe2+ {[%emt 0:00:26]} Kf7 {[%emt 0:01:12]} 27. Qxg4 {[%emt 0:00:17] Double Attack} 1-0

[Event "SVK Amateur-ch 2020"]
[Site "Topolcany"]
[Date "2020.07.13"]
[Round "6.12"]
[White "Tropp, Oliver"]
[Black "Takacs, Laszlo"]
[Result "0-1"]
[WhiteElo "2077"]
[BlackElo "2185"]
[Annotator "RC"]
[PlyCount "106"]
[EventDate "2020.07.10"]
[EventType "swiss"]
[EventCountry "SVK"]
[SourceTitle "playchess.com"]
[Source "ChessBase"]
[SourceQuality "1"]
[TimeControl "3600+30"]

1. Nf3 {[%emt 0:00:00]} d5 {[%emt 0:03:08]} 2. g3 {[%emt 0:00:03]} c5 {[%emt 0:00:53]} 3. Bg2 {[%emt 0:00:14]} Nc6 {[%emt 0:00:09]} 4. d4 {[%emt 0:02:00]} e6 {[%emt 0:00:45]} 5. O-O {[%emt 0:00:53]} Nf6 {[%emt 0:00:08]} 6. c4 {[%emt 0:01:05]} Be7 {[%emt 0:00:52]} 7. cxd5 {[%emt 0:00:36]} exd5 {[%emt 0:00:09]} 8. dxc5 {[%emt 0:01:07]} Bxc5 {[%emt 0:00:12]} 9. a3 {[%emt 0:00:57]} a6 {[%emt 0:01:43]} 10. b4 {[%emt 0:00:39]} Be7 {[%emt 0:00:09]} 11. Bb2 {[%emt 0:00:41]} O-O {[%emt 0:00:12]} 12. Nbd2 {[%emt 0:02:53]} Bg4 {[%emt 0:01:15]} 13. h3 {[%emt 0:13:17]} Bh5 {[%emt 0:00:09]} 14. Nd4 {[%emt 0:07:09]} Re8 {[%emt 0:01:51]} 15. Nf5 {[%emt 0:05:36]} Bf8 {[%emt 0:05:03]} 16. Nf3 {[%emt 0:03:30]} Ne4 {[%emt 0:01:37]} 17. g4 {[%emt 0:02:00]} Bg6 {[%emt 0:00:15]} 18. Ne3 {[%emt 0:00:26]} Ng3 {[%emt 0:11:12]} 19. Re1 {[%emt 0:04:47]} Rxe3 {[%emt 0:07:55]} 20. fxe3 {[%emt 0:00:36]} a5 {[%emt 0:00:20]} 21. b5 {[%emt 0:03:36]} Qb6 {[%emt 0:02:04]} 22. Nd4 {[%emt 0:08:23]} Ne5 {[%emt 0:05:05]} 23. Bxd5 {[%emt 0:00:40]} Rd8 {[%emt 0:00:21]} 24. Bf3 {[%emt 0:03:27]} Ne4 {[%emt 0:06:44]} 25. Bg2 {[%emt 0:01:39]} Nc4 {[%emt 0:07:36]} 26. Bc1 {[%emt 0:00:01]} Qd6 {[%emt 0:04:20]} 27. Rf1 {[%emt 0:00:21]} Qe5 {[%emt 0:00:37]} 28. Rf4 {[%emt 0:01:48]} Bc5 {[%emt 0:02:16]} 29. Ra2 {[%emt 0:00:01]} Qxf4 {[%emt 0:02:06]} 30. exf4 {[%emt 0:00:26]} Rxd4 {[%emt 0:00:09]} 31. Qxd4 {[%emt 0:05:55]} Bxd4+ {[%emt 0:00:05]} 32. Kh2 {[%emt 0:00:18]} Nc3 {[%emt 0:00:55]} 33. Rd2 {[%emt 0:00:30]} Nxd2 {[%emt 0:00:59]} 34. Bxd2 Ne4 {[%emt 0:02:29]} 35. Bxa5 {[%emt 0:00:05]} f5 {[%emt 0:00:08]} 36. Bc7 {[%emt 0:00:57]} Nc3 {[%emt 0:03:12]} 37. b6 {[%emt 0:00:14]} Ne4 {[%emt 0:00:31]} 38. a4 {[%emt 0:00:35]} Bc3 {[%emt 0:00:20]} 39. e3 {[%emt 0:00:16]} Bd2 {[%emt 0:00:40]} 40. Bf1 {[%emt 0:01:00]} Bf7 {[%emt 0:00:40]} 41. gxf5 {[%emt 0:00:59]} Bd5 {[%emt 0:00:30]} 42. Be5 {[%emt 0:00:20]} Kf7 {[%emt 0:00:31]} 43. Bd4 {[%emt 0:00:19]} Nd6 {[%emt 0:00:24]} 44. Bd3 {[%emt 0:00:09]} Be4 {[%emt 0:00:07]} 45. Be2 {[%emt 0:01:15]} Nxf5 {[%emt 0:00:24]} 46. Bc4+ {[%emt 0:00:21]} Kg6 {[%emt 0:00:14]} 47. Be5 {[%emt 0:00:49]} Nxe3 {[%emt 0:00:16]} 48. Be2 {[%emt 0:00:27]} Nd5 {[%emt 0:00:45]} 49. f5+ {[%emt 0:00:20]} Bxf5 {[%emt 0:01:13]} 50. Bf3 {[%emt 0:00:10]} Be6 {[%emt 0:00:21]} 51. Be4+ {[%emt 0:00:03]} Kf7 {[%emt 0:00:10]} 52. Kg3 {[%emt 0:00:01]} Ba5 {[%emt 0:00:51]} 53. Bd4 {[%emt 0:00:32]} Bxb6 {[%emt 0:00:32]} 0-1

[Event "SVK Amateur-ch 2020"]
[Site "Topolcany"]
[Date "2020.07.13"]
[Round "6.12"]
[White "Bakalar, Jan"]
[Black "Slovak, Pavol"]
[Result "1-0"]
[WhiteElo "1896"]
[BlackElo "1618"]
[Annotator "NA"]
[PlyCount "29"]
[EventDate "2020.07.10"]
[EventType "swiss"]
[EventCountry "SVK"]
[SourceTitle "playchess.com"]
[Source "ChessBase"]
[SourceQuality "1"]
[TimeControl "3600+30"]

1. e4 {[%emt 0:00:00]} Nc6 {[%emt 0:08:08]} 2. Nc3 {[%emt 0:00:00]} Nf6 {[%emt 0:00:11]} 3. f4 {[%emt 0:00:39]} e5 {[%emt 0:00:08]} 4. fxe5 {[%emt 0:00:07]} Nxe5 {[%emt 0:00:10]} 5. d4 {[%emt 0:00:09]} Ng6 {[%emt 0:00:31]} 6. e5 {[%emt 0:00:08]} Ng8 {[%emt 0:00:30]} 7. Bc4 {[%emt 0:01:35]} Bb4 {[%emt 0:01:11]} 8. Nf3 {[%emt 0:01:26]} N8e7 {[%emt 0:01:18]} 9. O-O {[%emt 0:01:52]} O-O {[%emt 0:00:08]} 10. Ng5 {[%emt 0:01:17]} h6 {[%emt 0:00:25]} 11. Nxf7 {[%emt 0:00:42]} Rxf7 {[%emt 0:01:33]} 12. Rxf7 {[%emt 0:02:07]} Kh7 {[%emt 0:03:17] [#]} 13. Qh5 $1 {[%emt 0:02:11]} Ng8 {[%emt 0:01:09] [#]} 14. Bd3 {[%emt 0:00:41]} d5 {[%emt 0:02:17]} 15. Qxg6+ {[%emt 0:00:18]} 1-0

[Event "SVK Amateur-ch 2020"]
[Site "Topolcany"]
[Date "2020.07.13"]
[Round "6.13"]
[White "Brnusak, Tomas"]
[Black "Varga, Marcell"]
[Result "0-1"]
[WhiteElo "2044"]
[BlackElo "2150"]
[Annotator "TA"]
[PlyCount "66"]
[EventDate "2020.07.10"]
[EventType "swiss"]
[EventCountry "SVK"]
[SourceTitle "playchess.com"]
[Source "ChessBase"]
[SourceQuality "1"]

{[%evp 20,66,1,0,10,10,17,16,17,0,0,0,0,-10,7,-10,0,-10,-13,-58,-60,-97,-91,-95,-77,-81,-47,-69,-5,-23,-9,-4,0,0,50,-136,-137,-157,-133,-495,-458,-459,-448,-397,-297,-283,-276,-29998,-29999]} 1. d4 Nf6 2. c4 e6 3. Nf3 d5 4. Nc3 Be7 5. cxd5 exd5 6. Bg5 O-O 7. Qc2 c6 8. e3 Ne4 9. Nxe4 dxe4 10. Bxe7 Qxe7 11. Nd2 f5 {D36: Queen's Gambit Declined: Exchange Variation: Main line (5 Bg5 c6 6 Qc2).} 12. Bc4+ Kh8 13. O-O Nd7 {The position is equal.} 14. Rae1 Nb6 {[#]} 15. f3 $146 {[%cal Rf3e4]} ({Predecessor:} 15. Bb3 Be6 16. f3 Bxb3 17. Qxb3 exf3 18. Nxf3 Nd5 19. Ne5 g6 20. Rf3 Kg7 21. Ref1 {0-1 (41) Steel Stephen,D (1836)-Velez Espiritusantos,B (1979) Santo Domingo 2018}) 15... exf3 16. Rxf3 Be6 17. a3 Rae8 18. Bd3 {[%cal Rd3f5]} g6 19. Nc4 Bd5 20. Rh3 Nd7 21. b4 Bxc4 22. Qxc4 Nb6 23. Qc1 Nd5 ({Better is} 23... Qd6 $15) 24. e4 $1 $11 fxe4 25. Rxe4 Qg7 {[#] aiming for ...Rxe4.} 26. Reh4 Rf6 27. Rf3 $2 (27. b5 $14) 27... Rxf3 $17 28. gxf3 Re3 $36 {[%mdl 2048] Black is really pushing.} 29. Qc2 $2 {[%mdl 8192] This move loses the game for White.} (29. Re4 $17 Rxf3 30. Re8+ Rf8 31. Rxf8+ Qxf8 32. Qe1) 29... Qe7 30. Re4 Qg5+ 31. Kf2 Rxe4 32. Bxe4 {[#]} Qh4+ $1 33. Kg1 $2 (33. Ke2 $19 Qxh2+ 34. Kd3 Qxc2+ 35. Kxc2) 33... Qe1+ {Accuracy: White = 52%, Black = 79%.} 0-1